Master guide to corporate taxation / (Record no. 104313)

MARC details
000 -LEADER
fixed length control field 00687nam a22002177a 4500
005 - DATE AND TIME OF LATEST TRANSACTION
control field 20161206102212.0
010 ## - LCCN (DPL NO)
LC control number ENG-116324
020 ## - INTERNATIONAL STANDARD BOOK NUMBER
International Standard Book Number 9789350357101
Terms of availability 1295.00
035 ## - SYSTEM CONTROL NUMBER
System control number EN-99856
037 ## - SOURCE OF ACQUISITION
Source of stock number/acquisition DBAD/PUB
082 ## - DEWEY DECIMAL CLASSIFICATION NUMBER
Classification number 343.54067
100 ## - MAIN ENTRY--PERSONAL NAME
Personal name Yadav,O.P.
245 ## - TITLE STATEMENT
Title Master guide to corporate taxation /
Statement of responsibility, etc by O.P.Yadav ; foreword by K.V. Chowdary
250 ## - EDITION STATEMENT
Edition statement 4th ed.
260 ## - PUBLICATION, DISTRIBUTION, ETC. (IMPRINT)
Place of publication, distribution, etc Gurgaon
Name of publisher, distributor, etc LexisNexis
Date of publication, distribution, etc 2016
270 ## - ADDRESS
Address 14th Floor, Building No.10, Tower-B, DLF Cyber City, Phase-II
City Gurgaon (Haryana)
Postal code 122002
300 ## - PHYSICAL DESCRIPTION
Extent xxiv,719p.
Dimensions 24cm(pbk)
500 ## - GENERAL NOTE
General note Includes index
700 ## - ADDED ENTRY--PERSONAL NAME
Personal name Chowdary,K.V.
942 ## - ADDED ENTRY ELEMENTS (KOHA)
Source of classification or shelving scheme Dewey Decimal Classification
Item type English Books
Call number suffix YAD
Classification part 343.54067
Holdings
Withdrawn status Lost status Not for loan Collection code Home library Current library Date acquired Source of acquisition Cost, normal purchase price Full call number Barcode Copy number Cost, replacement price Koha item type
    Not For Loan Non-fiction D.B.Act.Division D.B.Act.Division 26/10/2016 DBAD/PUB 1295.00 343.54067 YAD EN-99856 1 1295.00 English Books

© Delhi Public Library
Hit Counter
free hit counter